| LEADER |
00725nam0a2200205 450 |
| 001 |
16823805 |
| 010 |
|
|
|a 978-2-203-08444-5
|b br.
|d 13,95
|
| 100 |
|
|
|a 20150206d2026 u u0frey01 ba
|
| 101 |
1 |
|
|a fre
|c fre
|
| 102 |
|
|
|a BE
|
| 200 |
0 |
|
|a contrées sauvages (Les)
|f Jirô Taniguchi
|g traduction, Patrick Honnoré...
|
| 207 |
|
1 |
|a
|
| 210 |
|
|
|a Tournai (Belgique)
|b 28 Rue des Soeurs Noires.
|c Casterman
|d DL 2015
|
| 215 |
|
|
|a 1 vol. (255 p.)
|c ill.
|d 21 cm
|
| 225 |
1 |
|
|a Sakka
|
| 461 |
|
0 |
|t Les contrées sauvages
|v 2
|
| 700 |
|
0 |
|a Taniguchi
|b JirÅo
|f 1947-....
|4 70
|
| 900 |
|
|
|a Bandes déssinées ADULTE
|
| 901 |
|
|
|a Accessible au prêt
|
| 995 |
|
|
|a Bibliothèque
|c Bibliothèque
|f 024016784
|h 024016784
|k BDJ TAN
|o p
|q j
|r az
|e Bibliothèque
|